|
|
|
|
| LEADER |
02390nam a22004815i 4500 |
| 001 |
978-3-540-73406-2 |
| 003 |
DE-He213 |
| 005 |
20151204164553.0 |
| 007 |
cr nn 008mamaa |
| 008 |
100301s2007 gw | s |||| 0|eng d |
| 020 |
|
|
|a 9783540734062
|9 978-3-540-73406-2
|
| 024 |
7 |
|
|a 10.1007/978-3-540-73406-2
|2 doi
|
| 040 |
|
|
|d GrThAP
|
| 050 |
|
4 |
|a QD415-436
|
| 072 |
|
7 |
|a PNN
|2 bicssc
|
| 072 |
|
7 |
|a SCI013040
|2 bisacsh
|
| 082 |
0 |
4 |
|a 547
|2 23
|
| 245 |
1 |
0 |
|a Bioactive Heterocycles V
|h [electronic resource] /
|c edited by Mahmud Tareq Hassan Khan.
|
| 246 |
3 |
|
|a With contributions by numerous experts
|
| 264 |
|
1 |
|a Berlin, Heidelberg :
|b Springer Berlin Heidelberg,
|c 2007.
|
| 300 |
|
|
|a XVI, 335 p. 107 illus.
|b online resource.
|
| 336 |
|
|
|a text
|b txt
|2 rdacontent
|
| 337 |
|
|
|a computer
|b c
|2 rdamedia
|
| 338 |
|
|
|a online resource
|b cr
|2 rdacarrier
|
| 347 |
|
|
|a text file
|b PDF
|2 rda
|
| 490 |
1 |
|
|a Topics in Heterocyclic Chemistry,
|x 1861-9282 ;
|v 11
|
| 505 |
0 |
|
|a Functionalization of Indole and Pyrrole Cores via Michael-Type Additions -- Chemistry of the Welwitindolinones -- Lignans From Taxus Species -- Antioxidant Activities of Synthetic Indole Derivatives and Possible Activity Mechanisms -- Quinoxaline 1,4-Dioxide and Phenazine 5,10-Dioxide. Chemistry and Biology -- Quinoline Analogs as Antiangiogenic Agents and Telomerase Inhibitors -- Bioactive Furanosesterterpenoids from Marine Sponges -- Natural Sulfated Polysaccharides for the Prevention and Control of Viral Infections -- 4-Hydroxy Coumarine: a Versatile Reagent for the Synthesis of Heterocyclic and Vanillin Ether Coumarins with Biological Activities -- Antiviral and Antimicrobial Evaluation of Some Heterocyclic Compounds from Turkish Plants.
|
| 650 |
|
0 |
|a Chemistry.
|
| 650 |
|
0 |
|a Organic chemistry.
|
| 650 |
|
0 |
|a Medicinal chemistry.
|
| 650 |
|
0 |
|a Biochemistry.
|
| 650 |
1 |
4 |
|a Chemistry.
|
| 650 |
2 |
4 |
|a Organic Chemistry.
|
| 650 |
2 |
4 |
|a Biochemistry, general.
|
| 650 |
2 |
4 |
|a Medicinal Chemistry.
|
| 700 |
1 |
|
|a Khan, Mahmud Tareq Hassan.
|e editor.
|
| 710 |
2 |
|
|a SpringerLink (Online service)
|
| 773 |
0 |
|
|t Springer eBooks
|
| 776 |
0 |
8 |
|i Printed edition:
|z 9783540734055
|
| 830 |
|
0 |
|a Topics in Heterocyclic Chemistry,
|x 1861-9282 ;
|v 11
|
| 856 |
4 |
0 |
|u http://dx.doi.org/10.1007/978-3-540-73406-2
|z Full Text via HEAL-Link
|
| 912 |
|
|
|a ZDB-2-CMS
|
| 950 |
|
|
|a Chemistry and Materials Science (Springer-11644)
|